Movies Quiz

Random Movies Quiz

Comedy Movie Posters Quiz Stats

 Plays Quiz Updated Sep 21, 2015

Also try: Movie Posters XV
Challenge
Share
Tweet
Score 0/20 Timer 04:00
1 Play Today
Picture Movie % Correct
Mrs. Doubtfire
94.4%
Ghostbusters
89.6%
Airplane!
86.3%
The Hangover
84.5%
Groundhog Day
84.1%
Monty Python And The Holy Grail
83.4%
Beetlejuice
82%
Bridget Jones's Diary
77.5%
Happy Gilmore
76.1%
Beverly Hills Cop
75.2%
Picture Movie % Correct
Scary Movie
75.1%
Singin' In The Rain
73.5%
Hot Fuzz
72.3%
Juno
69.6%
Caddyshack
67.5%
There's Something About Mary
67.2%
Bridesmaids
66.6%
National Lampoon's Animal House
53.2%
Old School
50.2%
Tommy Boy
48.7%

You're not logged in!

Compare scores with friends on all Sporcle quizzes.
Join for Free
OR
Log In

You Might Also Like...

Show Comments

Extras

Top Quizzes Today


Score Distribution

Your Account Isn't Verified!

In order to create a playlist on Sporcle, you need to verify the email address you used during registration. Go to your Sporcle Settings to finish the process.

Report this User

Report this user for behavior that violates our Community Guidelines.

Details: